Central Library OPAC University of Rajshahi

A Course in ordinary differential equations / (Record no. 21574)

MARC details
000 -LEADER
fixed length control field 00860nam a22002893a 4500
001 - CONTROL NUMBER
control field 21574
003 - CONTROL NUMBER IDENTIFIER
rucl marc code BD-RjUL
005 - DATE AND TIME OF LATEST TRANSACTION
control field 20211209000713.0
008 - FIXED-LENGTH DATA ELEMENTS--GENERAL INFORMATION
fixed length control field 140304r20052002ii | |||||||0|0 eng|d
020 ## - INTERNATIONAL STANDARD BOOK NUMBER
International Standard Book Number 8173193967
035 ## - SYSTEM CONTROL NUMBER
System control number BD-RjUL)21638
040 ## - CATALOGING SOURCE
Original cataloging agency UK-WkNB
Language of cataloging eng
Transcribing agency UK-WkNB
Modifying agency BD-RjUL
041 ## - LANGUAGE CODE
Language code of text/sound track or separate title eng
082 04 - DEWEY DECIMAL CLASSIFICATION NUMBER
Classification number 515.35
Author mark and year RAC 2005
100 1# - MAIN ENTRY--PERSONAL NAME
Personal name Rai, B.
9 (RLIN) 66635
245 12 - TITLE STATEMENT
Title A Course in ordinary differential equations /
Statement of responsibility, etc. B. Rai, D.P. Choudhury, H. I. Freedman.
260 ## - PUBLICATION, DISTRIBUTION, ETC. (IMPRINT)
Place of publication, distribution, etc. New Delhi :
Name of publisher, distributor, etc. Narosha Publishing House,
Date of publication, distribution, etc. c2002 [Reprinted 2005]
300 ## - PHYSICAL DESCRIPTION
Pagination xi,463p. ;
Size 24cm.
500 ## - GENERAL NOTE
General note Hardback.
504 ## - BIBLIOGRAPHY, ETC. NOTE
Bibliography, etc Includes Index
650 #0 - SUBJECT ADDED ENTRY--TOPICAL TERM
Topical term or geographic name as entry element Differential equations.
9 (RLIN) 66636
700 1# - ADDED ENTRY--PERSONAL NAME
Personal name Choudhury, D.P.
Personal name Freedman, H. I.
942 ## - ADDED ENTRY ELEMENTS (KOHA)
Source of classification or shelving scheme Dewey Decimal Classification
Koha item type Books
980 ## - EQUIVALENCE OR CROSS-REFERENCE-SERIES STATEMENT--PERSONAL NAME/TITLE [LOCAL, CANADA]
Miscellaneous information 1
Date of a work 1/2854629
981 ## - EQUIVALENCE OR CROSS-REFERENCE-SERIES STATEMENT--CORPORATE NAME/TITLE [LOCAL, CANADA]
Date of meeting or treaty signing Agency file oxf2013-15.1
Holdings
Lost status Source of classification or shelving scheme Damaged status Not for loan Collection code Permanent Location Current Location Shelving location Date acquired Source of acquisition Cost, normal purchase price Total Checkouts Full call number Date last seen Date checked out Copy number Koha item type
  Dewey Decimal Classification     Non-fiction Central Library, University of Rajshahi Central Library, University of Rajshahi Documentation Section 04/03/2008 Dhaka, Paragon Enterprises Ltd. 295.00 1 515.35 RAC 2005 22/03/2017 06/03/2017 C-3 Books
  Dewey Decimal Classification     Non-fiction Central Library, University of Rajshahi Central Library, University of Rajshahi   04/03/2008 Dhaka, Paragon Enterprises Ltd. 295.00   515.35 RAC 2005 28/08/2016   C-2 Books
  Dewey Decimal Classification     Non-fiction Central Library, University of Rajshahi Central Library, University of Rajshahi   04/03/2008 Dhaka, Paragon Enterprises Ltd. 295.00   515.35 RAC 2005 29/08/2016   C-4 Books
  Dewey Decimal Classification     Non-fiction Central Library, University of Rajshahi Central Library, University of Rajshahi   04/03/2008 Dhaka,Paragon Enterprise Lit., 295.00   515.35 RAC 2005 31/10/2016   C-5 Books
  Dewey Decimal Classification   Not For Loan Non-fiction Central Library, University of Rajshahi Central Library, University of Rajshahi Reading Room 03/03/2008 Dhaka, Paragon Enterprises 295.00   515.35 RAC 2005 16/04/2017   C-1 Books